000 00433nam a2200169 i 4500
001 50183
003 ES-MaACL
005 20230906162134.0
007 t|
008 030731s1971 sp ||||1| spa d
100 1 _aCronin, A. J.
_941692
245 1 3 _aEl doctor nativo /
_cA. J. Cronin.
250 _a[1ยช ed.].
260 _aBarcelona :
_bJuventud,
_c[1971]
300 _a192 p. ;
_c20 cm.
852 _aES-MaACL
_jC-43211
_bR.81788
999 _c50183
_d50183